000
00283nam a2200121Ia 4500
008
231106s2019 xx 000 0 und d
041
_a
eng
082
_a
741.23
100
_a
JENNY KEAL
245
_a
PASTEL, METHODS AND TECHNIQUE
260
_b
SEARCH PRESS
_c
2019
300
_a
P-122
999
_c
920139
_d
920139